| 000 | 00531nam a2200181 a 4500 | ||
|---|---|---|---|
| 001 | 0770 | ||
| 005 | 20140414131858.0 | ||
| 008 | 040929s19uu xx 00 eng d | ||
| 020 | _a971-8509-09-7 | ||
| 050 |
_aFIL _bM41 1995 |
||
| 100 | _aBatnag, Aurora | ||
| 245 |
_aSi Matabagka at ang tagapag-ingat ng hangin / _cby Aurora Batnag ; illustrations by Melchor Silvestre. |
||
| 260 |
_aManila : _bAklat Adarna, _c1995. |
||
| 300 | _ap. : ill. ; cm. | ||
| 650 |
_aAir _xFiction. |
||
| 650 | _aChildren stories. | ||
| 999 |
_c110546 _d110546 |
||